Bài giảng vật lý thống kê

Bài giảng gồm năm chương xoay quanh những nội dung như các luận đề cơ bản của vật lý thống kê, phân bổ thống kê cổ điển và áp dụng, thống kê lượng tử và áp dụng, lý thuyết thăng giáng.

Tallennettuna:
Bibliografiset tiedot
Päätekijä: Trần, Minh Quý
Aineistotyyppi: Kirja
Kieli:Undetermined
Julkaistu: Cần Thơ Trường Đại học Cần Thơ 2000
Aiheet:
Tagit: Lisää tagi
Ei tageja, Lisää ensimmäinen tagi!
Thư viện lưu trữ: Trung tâm Học liệu Trường Đại học Cần Thơ
LEADER 00948nam a2200205Ia 4500
001 CTU_40204
008 210402s9999 xx 000 0 und d
082 |a 530.1 
082 |b Qu600 
100 |a Trần, Minh Quý 
245 0 |a Bài giảng vật lý thống kê 
245 0 |c Trần Minh Quý (Biên soạn) 
260 |a Cần Thơ 
260 |b Trường Đại học Cần Thơ 
260 |c 2000 
520 |a Bài giảng gồm năm chương xoay quanh những nội dung như các luận đề cơ bản của vật lý thống kê, phân bổ thống kê cổ điển và áp dụng, thống kê lượng tử và áp dụng, lý thuyết thăng giáng. 
650 |a Statistical physics,Statistical physics 
650 |x Outlines, syllabi, etc,Study and teaching 
904 |i Thùy Trang (sửa) 
980 |a Trung tâm Học liệu Trường Đại học Cần Thơ